| 000 | 00792nam a2200229Ia 4500 | ||
|---|---|---|---|
| 005 | 20250108124914.0 | ||
| 008 | 008 250107s9999 xx 000 0 pun d | ||
| 020 | _a978-93-87919-13-6 | ||
| 037 | _aTB | ||
| 040 |
_aCRL _bpun _cCRL |
||
| 041 |
_apun _2pun |
||
| 084 | _aO168,1NBI2x R2 | ||
| 084 | _qCRL | ||
| 100 | _aਹਰਿ ਭਗਵਾਨ, ਲੇਖਕ | ||
| 245 | 0 |
_aਪੰਜਾਬੀ ਜਝਾਰ ਕਾਵਿਃ ਇਕ ਅਧਿਐਨ _cਹਰਿ ਭਗਵਾਨ, ਲੇਖਕ |
|
| 260 |
_aਮਾਲੇਰਕੋਟਲਾ, ਭਾਰਤ _bਨੂਗ਼ਰੀਆ ਪ੍ਰਕਾਸ਼ਨ _c2619 |
||
| 300 | _a135ਪ੍ਰ0 | ||
| 365 |
_aINR _b250 |
||
| 650 | _aਪੰਜਾਬੀ ਸਾਹਿਤ | ||
| 942 |
_cTB _hO168,1NBI2x R2 |
||
| 999 |
_c1235007 _d1235007 |
||